Famous Foreheads #1 - Statistics

General Stats
  • This quiz has been taken 75,197 times
  • The average score is 11 of 15
Answer Stats
Picture Answer % Correct
Donald Trump
99%
Queen Elizabeth II
97%
Albert Einstein
93%
Michelle Obama
90%
Abraham Lincoln
88%
Michael Jackson
87%
Mother Teresa
83%
Vladimir Putin
82%
Nelson Mandela
77%
Steve Jobs
73%
Roger Federer
63%
Winston Churchill
58%
Elvis Presley
56%
J. K. Rowling
21%
Walt Disney
20%
No matching quizzes found
Score Distribution
Percent of People with Each Score
Percentile by Number Answered
Your Score History
You have not taken this quiz